MyGZULibrary

Contract law / (Record no. 3147)

MARC details
000 -LEADER
fixed length control field 01347cam a2200385 a 4500
001 - CONTROL NUMBER
control field 13428639
003 - CONTROL NUMBER IDENTIFIER
control field GZU
005 - DATE AND TIME OF LATEST TRANSACTION
control field 20201119091213.0
008 - FIXED-LENGTH DATA ELEMENTS--GENERAL INFORMATION
fixed length control field 031208s2003 enk 001 0 eng
010 ## - LIBRARY OF CONGRESS CONTROL NUMBER
LC control number 2003284007
015 ## - NATIONAL BIBLIOGRAPHY NUMBER
National bibliography number GBA2-U1504
020 ## - INTERNATIONAL STANDARD BOOK NUMBER
International Standard Book Number 1859417345 (pbk. : alk. paper)
035 ## - SYSTEM CONTROL NUMBER
System control number (OCoLC)ocm50937869
040 ## - CATALOGING SOURCE
Original cataloging agency UKM
Transcribing agency UKM
Modifying agency OCLCQ
-- DLC
042 ## - AUTHENTICATION CODE
Authentication code lccopycat
043 ## - GEOGRAPHIC AREA CODE
Geographic area code e-uk-en
050 00 - LIBRARY OF CONGRESS CALL NUMBER
Classification number KD1554
Item number S76 2003
082 04 - DEWEY DECIMAL CLASSIFICATION NUMBER
Classification number 346.4202076
Edition number 22
100 1# - MAIN ENTRY--PERSONAL NAME
Personal name Stone, Richard,
Dates associated with a name 1951 March 7-
245 10 - TITLE STATEMENT
Title Contract law /
Statement of responsibility, etc. Richard Stone.
250 ## - EDITION STATEMENT
Edition statement 5th ed.
260 ## - PUBLICATION, DISTRIBUTION, ETC.
Place of publication, distribution, etc. London ;
-- Portland, Or. :
Name of publisher, distributor, etc. Cavendish,
Date of publication, distribution, etc. 2003.
300 ## - PHYSICAL DESCRIPTION
Extent xxiv, 267 p. ;
Dimensions 22 cm.
490 1# - SERIES STATEMENT
Series statement Q & A series
500 ## - GENERAL NOTE
General note Includes index.
650 #0 - SUBJECT ADDED ENTRY--TOPICAL TERM
Topical term or geographic name entry element Contracts
Geographic subdivision England.
650 #0 - SUBJECT ADDED ENTRY--TOPICAL TERM
Topical term or geographic name entry element Contracts
Geographic subdivision England
Form subdivision Problems, exercises, etc.
830 #0 - SERIES ADDED ENTRY--UNIFORM TITLE
Uniform title Cavendish Q & A series.
856 42 - ELECTRONIC LOCATION AND ACCESS
Materials specified Contributor biographical information
Uniform Resource Identifier <a href="http://www.loc.gov/catdir/bios/cav051/2003284007.html">http://www.loc.gov/catdir/bios/cav051/2003284007.html</a>
856 41 - ELECTRONIC LOCATION AND ACCESS
Materials specified Table of contents
Uniform Resource Identifier <a href="http://www.loc.gov/catdir/toc/cav051/2003284007.html">http://www.loc.gov/catdir/toc/cav051/2003284007.html</a>
856 42 - ELECTRONIC LOCATION AND ACCESS
Materials specified Publisher description
Uniform Resource Identifier <a href="http://www.loc.gov/catdir/description/cav041/2003284007.html">http://www.loc.gov/catdir/description/cav041/2003284007.html</a>
906 ## - LOCAL DATA ELEMENT F, LDF (RLIN)
a 7
b cbc
c copycat
d 2
e ncip
f 20
g y-gencatlg
942 ## - ADDED ENTRY ELEMENTS (KOHA)
Source of classification or shelving scheme Library of Congress Classification
Koha item type Books
Edition 5th ed.
Classification part 1554
Item part STO
Call number prefix KD
Call number suffix 2003
Holdings
Withdrawn status Lost status Damaged status Not for loan Collection code Home library Current library Shelving location Date acquired Total Checkouts Full call number Barcode Date last seen Date last checked out Copy number Price effective from Koha item type
        Non-fiction City Campus Library City Campus Library General Stacks 11/19/2020 4 KD1554 STO 2003 030654 04/22/2023 04/14/2023 c.1 11/19/2020 Books